Kecemerlangan tamadun Islam dalam menghadapi cabaran abad ke 15 hijrah/21masihi
| Format: | Book |
|---|---|
| Published: |
Shah Alam :
BIROTEKS ITM ,
1997
|
| Subjects: |
MARC
| LEADER | 00000cam a2200000 7i4500 | ||
|---|---|---|---|
| 001 | 0000027825 | ||
| 002 | 000030048 | ||
| 005 | 20000330.0 | ||
| 020 | |a 9679580954 | ||
| 090 | 0 | 0 | |a 909.097671 |b KEC |
| 245 | 0 | 0 | |a Kecemerlangan tamadun Islam dalam menghadapi cabaran abad ke 15 hijrah/21masihi |
| 260 | |a Shah Alam : |b BIROTEKS ITM , |c 1997 | ||
| 300 | |a 216p. ; |c 23cm. | ||
| 650 | 0 | 0 | |a Civilization, Islamic |x Congresses |
| 999 | |a 082846 |b BUKU |c PINJAMAN |e PERPUSTAKAAN KOMUNITI PETALING JAYA | ||